Lots More tell me why : (Record no. 188608)

MARC details
000 -LEADER
fixed length control field 00934nam a22002897a 4500
001 - CONTROL NUMBER
control field A-644395
003 - CONTROL NUMBER IDENTIFIER
control field dpl
005 - DATE AND TIME OF LATEST TRANSACTION
control field 20220528130136.0
008 - FIXED-LENGTH DATA ELEMENTS--GENERAL INFORMATION
fixed length control field 220528b ||||| |||| 00| 0 eng d
010 ## - LIBRARY OF CONGRESS CONTROL NUMBER
LC control number A-859140
020 ## - INTERNATIONAL STANDARD BOOK NUMBER
Terms of availability 00.00
International Standard Book Number 0603550134
035 ## - SYSTEM CONTROL NUMBER
System control number A-644395
037 ## - SOURCE OF ACQUISITION
Source of stock number/acquisition Cen Lib/Ret
040 ## - CATALOGING SOURCE
Original cataloging agency DPL
Language of cataloging EN
Transcribing agency dpl
082 ## - DEWEY DECIMAL CLASSIFICATION NUMBER
Classification number 001
Item number LEO
100 ## - MAIN ENTRY--PERSONAL NAME
Personal name Leokum, Arkady
9 (RLIN) 37574
245 ## - TITLE STATEMENT
Title Lots More tell me why :
Statement of responsibility, etc by Arkady Leokum;illustrated by Cynthia Iliff KLoehler [and] Alvin Koehler
Remainder of title answers to Three hundreds of questions children ask /
260 ## - PUBLICATION, DISTRIBUTION, ETC. (IMPRINT)
Place of publication, distribution, etc London
Name of publisher, distributor, etc Dean
Date of publication, distribution, etc 1991
270 ## - ADDRESS
Address London
City London
300 ## - PHYSICAL DESCRIPTION
Extent 397p. :
Dimensions 22cm(Hb)
Other physical details ill.
500 ## - GENERAL NOTE
General note Includes index
650 ## - SUBJECT ADDED ENTRY--TOPICAL TERM
Topical term or geographic name as entry element Children's questions and answers
9 (RLIN) 37575
650 ## - SUBJECT ADDED ENTRY--TOPICAL TERM
Topical term or geographic name as entry element Questions and answers
9 (RLIN) 37576
700 ## - ADDED ENTRY--PERSONAL NAME
9 (RLIN) 6520
Personal name Koehler, Alvin
700 ## - ADDED ENTRY--PERSONAL NAME
Personal name Koehler, Cynthia Iliff
9 (RLIN) 37577
942 ## - ADDED ENTRY ELEMENTS (KOHA)
Source of classification or shelving scheme Dewey Decimal Classification
Koha item type English Books
Classification part 001
Call number suffix LEO
Holdings
Withdrawn status Lost status Source of classification or shelving scheme Damaged status Not for loan Home library Current library Date acquired Total Checkouts Full call number Barcode Date last seen Date checked out Price effective from Koha item type
    Dewey Decimal Classification     Sarojini Nagar Sarojini Nagar 28/05/2022 2 001 LEO A-644395 06/07/2022 22/06/2022 28/05/2022 English Books

© Delhi Public Library
Hit Counter
free hit counter